| 000 | 01204cam a2200337 a 4500 | ||
|---|---|---|---|
| 003 | OSt | ||
| 005 | 20140310184351.0 | ||
| 008 | 911009s1993 nyuab j 000 0beng | ||
| 010 | _a 91038895 | ||
| 020 | _a9780590481021 | ||
| 040 |
_aDLC _cDLC _dDLC |
||
| 042 | _alcac | ||
| 043 | _an-us--- | ||
| 050 | 0 | 0 |
_aT 40.M43 _b.T68 1993 |
| 100 | 1 |
_aTowle, Wendy, _d1963- _925097 |
|
| 245 | 1 | 4 |
_aThe real McCoy : _bthe life of an African-American inventor / _cWendy Towle ; paintings by Wil Clay. |
| 260 |
_aNew York : _bScholastic, _c1993. |
||
| 300 |
_bill. ; _c27 cm. |
||
| 521 | _aG8 | ||
| 526 | _c920 | ||
| 600 | 1 | 0 |
_aMcCoy, Elijah, _d1844-1929 _vJuvenile literature. _925098 |
| 600 | 1 | 1 |
_aMcCoy, Elijah, _d1844-1929. _925099 |
| 650 | 0 |
_aAfrican American inventors _vBiography _vJuvenile literature. _925100 |
|
| 650 | 1 |
_aInventors. _913283 |
|
| 650 | 1 |
_aAfrican Americans _vBiography. _925101 |
|
| 700 | 1 |
_aClay, Wil, _eill. _925102 |
|
| 906 |
_a7 _bcbc _corignew _d1 _eocip _f19 _gy-gencatlg |
||
| 942 |
_2lcc _cBK-SCHOLAS |
||
| 999 |
_c33937 _d33937 |
||